000 00865nam a2200217 i 4500
001 bgj
245 0 0 _aNew ways in teaching grammar /
_ced. by Martha C. Pennington.
260 _aAlexandria, Va :
_bTeachers of English to Speakers of Other Languages,
_ccop. 1995.
300 _aXVI, 233 pp :
_bfig. ;
_c21 cm.
490 1 _aNew ways in TESOL series / Jack C. Richards, series ed.. Innovative classroom techniques
650 9 _aEnglish language
_xGrammar
_xStudy and teaching
_xForeign speakers
650 9 _aActivity programmes in education
_xGrammar
700 1 _aPENNINGTON, Martha C.
_eed.
830 0 _aNew ways in TESOL series (Jack C. Richards, series ed.).
_pInnovative classroom techniques
020 _a0939791560 (pbk)
040 _cBPK
041 0 _aeng
920 _a0-939791-56-0 (pbk)
942 _cKS
008 s uk f |000 0 eng
999 _c48131
_d48131
856 _uhttp://koha.tu.koszalin.pl/cgi-bin/koha/opac-detail.pl?biblionumber=48131
_yKatalog online BPK